Textbook of practical botany (Record no. 23262)

MARC details
000 -LEADER
fixed length control field 00446nam a2200181Ia 4500
082 ## - DEWEY DECIMAL CLASSIFICATION NUMBER
Classification number 058.08
Item number MCL
100 ## - MAIN ENTRY--AUTHOR NAME
Personal name IVIMEY-COOK, W R
245 #0 - TITLE STATEMENT
Title Textbook of practical botany
260 ## - PUBLICATION, DISTRIBUTION, ETC. (IMPRINT)
Place of publication London
Year of publication 1962
650 ## - SUBJECT ADDED ENTRY--TOPICAL TERM
Topical Term Angiosperm
650 ## - SUBJECT ADDED ENTRY--TOPICAL TERM
Topical Term Cytology
650 ## - SUBJECT ADDED ENTRY--TOPICAL TERM
Topical Term Evolutionary morphology
650 ## - SUBJECT ADDED ENTRY--TOPICAL TERM
Topical Term Plant ecology
650 ## - SUBJECT ADDED ENTRY--TOPICAL TERM
Topical Term Plant Physiology
700 ## - ADDED ENTRY--PERSONAL NAME
Personal name MCLEAN, R C
942 ## - ADDED ENTRY ELEMENTS (KOHA)
Koha item type Books
Holdings
Withdrawn status Lost status Damaged status Not for loan Home library Current library Date acquired Full call number Accession Number Koha item type
        RRII Library RRII Library 16/12/2021 058.08 MCL 03962 Books